00425nam a22001337a 4500010001300000020002600013037001900039245006800058260003700126270006100163300002300224700002200247700002200269 aEN230921 c699.00a9789354224423 aVani Prakashan aAkhtari:cEd. by Yatindra Mishra translation by Maneesha Taneja aNew Delhi bVani Prakashanc2021 a4695, 21-A, Ansari Road, Daryaganj, bNew Delhi e110002 a253p. c24cm (Hb)  aMishra, Yatindra  aTaneja, Maneesha